00489 2200193 4500001002100000005001500021008004100036020002200077035001900099041000700118082000900125090001600134100001600150700001900166245003300185260002800218300001900246650003000265INLIS00000000002491620241224131823241224||||||||| | ||| |||| || |  a978-623-206-124-8 0010-1224024916 aid0 aNONE a741.5 NUR m0 aNurul Ikoma0 aTim InnerChild00aMempermudah Urusan Jual Beli aSolobTiga Anandac2019 a32 hlm.; 24 cm 0aKomik -- cerita bergambar